00867nam a2200193Ia 4500008004100000020002200041050002100063100002000084245015300104260002000257300001800277500014800295650002100443700003000464700004000494942001200534952011000546999001700656120626s9999 xx 000 0 und d a978-84-8076-844-304aNC997 M5718 20091 aMILLMAN, Debbie10aLos principios básicos del diseño gráficoc autor, Debbie Millman; traductor, Olga Usoz Chaparro; revisión técnica, Pere Fradera Barceló aEspañabBlume a256 páginas aContiene: Índice de contenido Introducción Colaboraciones Índice Agradecimientos Traducción de: Essential Principles of Graphic Design17aARTES GRÁFICAS1 aUSOZ CHAPARRO, Olga trad.1 aFRADERA BARCELÓ, Pere rev. téc. 2ddccLB 00104070a07b07d2011-11-04l9oNC997 M5718 2009p07 002558r2020-03-03s2020-03-03t1w2012-06-26yLB c67426d67426